Statistics for Name a Valid 2019 TMI Zambia Team Member

Click here to take the quiz!

General Stats

  • This quiz has been taken 10 times
  • The average score is 17 of 20

Answer Stats

Name a Valid 2019 Zambia Team Member that ... Team Members % Correct
had previously been a team memberJohnny | Stephanie | Steve
100%
was born in 2005Brendan | Drew | Joshua | Sophia
100%
was in the Fork Gang for multiple daysJoshua | Régine
100%
got a question wrong in quizzingGabriel | Jarren | Malachi | Thaddeus
100%
got at least 50 points in quizzingJarren | Gabriel | Malachi | Sophia
100%
quizzed outGabriel | Jarren | Joshua | Malachi | Sophia
100%
brought a musical instumentSarah | Stephanie | Steve
100%
was CanadianJohnny | Paul | Saw
100%
that lived on a farm or ranchBriden | Drew | Thaddeus
100%
was shorter than 5'5Autumn | Joshua | Logan
100%
that wore prescription glasses most daysBrian | Drew | Gay | Logan | Mattan |
Robby | Saw | Stephanie | Steve
100%
whose full legal name did not contain the letter EBrian | Paul
83%
tented with Joshua at some pointBrendan | Logan | Saw
83%
had previously been to New ZealandEvan | Malachi
83%
never quizzed before the championshipJoshua | Logan
83%
living in a state where less than 27% of people over 25
have a four-year college degree (Source)
Dalen | Drew
67%
had lived in eight or more housesMalachi | Sophia
67%
with a last name that >500k other Americans have
(2000 census data)
Brian | Régine | Robby | Thaddeus
67%
whose full legal name contained fewer than 15 lettersAutumn | Saw
50%
lived in a state capitalDalen | Sarah
33%

Score Distribution

Percentile by Number Answered

Percent of People with Each Score

Your Score History

You have not taken this quiz